000 00839nam a2200217 i 4500
001 104507
003 ES-MaACL
005 20230906183625.0
007 t|
008 051130s1962 sp ||||1| spa d
080 _a619(038)
100 1 _aMiller, William Christopher.
_981235
245 1 0 _aDiccionario enciclopédico de veterinaria /
_cpor William C. Miller... y Geoffrey P. West ; [versión de la 4ª edición inglesa por el Dr. José Lahoz de Ibarrondo ; revisada por D. José Antonio Romagosa Vila].
260 _aBarcelona :
_bCorona,
_c1962.
300 _a4 h., 1204 p., lám. I-XVI :
_bil. ;
_c22 cm.
650 4 _aVeterinaria-
_vDiccionarios.
_9174185
700 1 _aWest, Geoffrey P.
_9116544
700 1 _aLahoz de Ibarrondo, José.
_969653
700 1 _aRomagosa Vila, José Antonio.
_999203
852 4 _aES-MaACL
_jC-22197
999 _c104507
_d104507